Top 10 Países con el Mayor Territorio Mongol - Estadísticas

Estadísticas generales
  • Esta prueba ha sido intentada 2.899 veces
  • La puntuación promedio es 8 de 10
Estadísticas de respuestas
% km2 País % Correcto
99 9,500,000 China
100%
25 4,280,000 Rusia
98%
100 2,730,000 Kazajistán
93%
100 1,560,000 Mongolia
91%
100 1,650,000 Irán
82%
65 570,000 Pakistán
81%
100 652,000 Afganistán
76%
100 488,000 Turkmenistán
75%
65 510,000 Turquía
70%
98 590,000 Ucrania
61%
No se encontraron pruebas coincidentes
Distribución de puntuación
Porcentaje de gente con cada puntuación
Porcentaje por número respondido
Historial de tus puntuaciones
No has intentado esta prueba.